Modely oceňovania opcií
Faktory určujúce cenu opcií.Spotová cena podkladového aktíva (current price).Realizačná cena opcie (strike price).Čas do exspirácie opčného kontraktu (time to expiration).Bezriziková úroková miera (risk-free interest rate).Volatilita ceny podkladového aktíva ( volatility).Historická volatilita - vyc...
Saved in:
| Main Author: | |
|---|---|
| Format: | Book Chapter |
| Language: | Slovak |
| Subjects: | |
| Tags: |
No Tags, Be the first to tag this record!
|
MARC
| LEADER | 00000nla$a2200000$$$4500 | ||
|---|---|---|---|
| 001 | 0052154 | ||
| 005 | 20231121080754.7 | ||
| 041 | 0 | |a slo | |
| 044 | |a SK | ||
| 245 | 1 | 0 | |a Modely oceňovania opcií |c Valér Demjan |
| 520 | |a Faktory určujúce cenu opcií.Spotová cena podkladového aktíva (current price).Realizačná cena opcie (strike price).Čas do exspirácie opčného kontraktu (time to expiration).Bezriziková úroková miera (risk-free interest rate).Volatilita ceny podkladového aktíva ( volatility).Historická volatilita - vychádza z časového radu cien za posledných "n" období.Očakávaná volatilita. Implicitná volatilita . Očakávané výnosy podkladového aktíva počas životnosti opcie.Prehľad vplyvu jednotlivých faktorov na opčnú prémiu . | ||
| 610 | 2 | 0 | |a trh burzový |
| 610 | 2 | 0 | |a oceňovanie |
| 610 | 2 | 0 | |a opcie |
| 610 | 2 | 0 | |a ceny |
| 610 | 2 | 0 | |a spot |
| 100 | 1 | |a Demjan, Valér | |